Tour De France - Col Célèbre / Famous Climbs - Statistiques

Statistiques générales
  • Ce quiz a été pris 272 fois
  • Le résultat moyen est 36 sur 168
Statistiques - réponses
Localisation Number of Passage by Le Tour Difficulty Réponse % Correct
Pyrenees (Col) 84 HC Tourmalet
85%
Alpes (Ski Station) 31 HC Alpe d'Huez
83%
Alpes (Col) 61 HC Galibier
82%
Provence 18 HC Mont Ventoux
74%
Vosges (Climb) 5 1 Planche des Belles Filles
64%
Alpes (Col) 20 HC Croix De Fer
58%
Alpes (Col) 5 1 Croix Fry
58%
Alpes (Col) 36 HC Izoard
58%
Alpes Suisse (Col) 1 1 Croix
56%
Pyrénées (Col) 74 1 Aspin
54%
Vosges (Col) 26 1 Ballon d'Alsace
53%
Vosges (Col) 9 1 Grand-Ballon
53%
Vosges (Col) 1 1 Petit-Ballon
53%
Pyrenees (Col) 29 2 Port
53%
Pyrenees (Col) 68 1 Peyresourde
50%
Alpes (Col) 8 HC Iseran
49%
Alpes (Col) 27 HC Madeleine
49%
Alpes (Col) 19 1 Porte
49%
Alpes (Col) 1 HC Granon
48%
Pyrénées (Col) 73 HC Aubisque
47%
Alpes (Col) 42 1 Télégraphe
47%
Alpes (Col) 1 HC Loze
45%
Pyrenees (Col) +34 2 Portet d'Aspet
45%
Massif Central 13 HC Puy de Dôme
43%
Jura (Col) 4 HC Grand-Colombier
42%
Alpes (Col) 29 1 Lautaret
41%
Pyrenees (Ski Station) 5 HC Hautacam
40%
Pyrenees (Ski Station) 3 1 Peyragudes
40%
Alpes (Ski Station) 3 1 Courchevel
38%
Pyrenees (Col) 2 HC Portet
38%
Alpes (Col) 21 HC Glandon
37%
Alpes (Ski Station) 4 HC La Plagne
37%
Pyrenees (Ski Station) 9 HC Luz-Ardiden
37%
Bretagne 4 3 Mur de Bretagne
37%
Alpes (Ski Station) 1 3 Tignes
37%
Alpes (Col) 35 1 Vars
36%
Alpes (Col) 12 HC Joux-Plane
35%
Alpes (Col) 4 HC Bonette
34%
Alpes (Ski Station) 1 HC Isola 2000
34%
Pyrenees (Col) 53 HC Soulor
34%
Jura (Mont) 2 HC Chat
33%
Pyrénées (Ski Station) 6 HC Plateau de Beille
32%
Alpes (Col) 23 1 Colombière
31%
Alpes (Ski Station) 2 HC Val Thorens
31%
Pyrenees (Col) 15 1 Marie-Blanque
30%
Alpes Italie (Col) 4 1 Petit Saint Bernard
29%
Pyrenees (Ski Station) 10 HC Pla d'Adet
29%
Pyrénées (Col) 6 HC Port de Balès
29%
Alpes (Col) 41 1 Aravis
28%
Alpes (Ski Station) 7 1 Avoriaz
28%
Pyrenees (Col) 19 1 Menté
28%
Pyrenees (Col) 3 1 Menté le Mourtis
28%
Alpes (Col) 2 HC Agnel
26%
Pyrénées Andorre (Ski Station) 3 HC Andorre Arcalis
26%
Pyrenees (Ski Station) 6 HC Superbagnères
26%
Alpes (Col) 4 1 Turini
26%
Alpes (Col) 14 1 Cormet de Roseland
24%
Pyrénées Andorre (Col) 10 1 Port d'Envalira
24%
Alpes (Climb) 3 1 Saint Gervais Mont Blanc-Le Bettex
24%
Alpes (Col) 34 1 Allos
22%
Alpes Suisse (Col) 5 HC Grand Saint Bernard
22%
Pyrénées (Col) 4 1 Hourquette d'Ancizan
22%
Alpes (Ski Station) 3 1 La Toussuire
22%
Alpes (Col) 5 HC Mont Cenis
21%
Pyrénées (Ski Station) 5 1 Ax-3-Domaines
20%
Alpes (Ski Station) 2 HC Chamrousse
20%
Pyrenees (Ski Station) 2 HC La Pierre Saint Martin
20%
Alpes (Ski Station) 2 1 Les Deux Alpes
20%
Pyrenees (Col) 20 1 Portillon
20%
Alpes (Col) 13 1 Saisies
20%
Pyrénées (Col) 9 1 Azet
19%
Pyrénées (Climb) 4 1 Cauterets
19%
Pyrenees (Col) 5 HC Port de Pailhères
19%
Alpes (Col) 2 HC Pré
19%
Alpes (Ski Station) 1 1 Risoul
19%
Alpes (Climb) 2 HC Semnoz
19%
Alpes (Ski Station) 2 1 Val d'Isère
19%
Jura (Col) 1 HC Biche
18%
Pyrenees (Col) 3 1 Port de Péguère
18%
Alpes (Ski Station) 3 1 Pra-Loup
18%
Alpes Italie (Climb) 7 1 Sestrières
18%
Massif Central (Ski Station) 4 2 Super-Besse
18%
Alpes (Col) 10 1 Montgenèvre
17%
Alpes Suisse (Col) 7 1 Forclaz
16%
Alpes (Col) 2 HC Glières (Plateau)
16%
Alpes Italie (Col) 2 HC Lombarde
16%
Pyrénées (Col) 6 1 Agnes
15%
Alpes (Ski Station) 1 1 Les Arcs
15%
Jura (Col) 41 2 Faucille
14%
Alpes (Col) 17 1 Granier
14%
Alpes (Ski Station) 5 1 Orcières Merlette 1850
14%
Massif Central (Col) 11 1 Pas de Peyrol
14%
Jura (Ski Station) 13 2 Rousses
14%
Pyrenees (Col) 8 HC Soudet
14%
Alpes Suisse (Climb) 1 HC Finhaut Emosson
13%
Pyrenees (Col) 2 HC Port de Larrau
13%
Alpes (Col) 4 1 Ramaz
13%
Alpes (Climb) 2 HC Bisanne
12%
Alpes (Col) 3 1 Cayolle
12%
Pyrénées (Col) 7 1 Core
12%
Alpes (Col) 1 1 Des Champs
12%
Pyrenees (Col) 9 2 Puymorens
12%
Alpes Suisse (Ski Station) 1 1 Verbier
12%
Alpes Suisse (Ski Station) 1 1 Crans-Montana
11%
Pyrenees (Col) 6 1 Port de Lers
11%
Alpes (Col) 3 1 Romme
11%
Alpes (Ski Station) 1 1 La Rosière-Espace San Bernardo
10%
Pyrenees (Ski Station) 1 1 Piau-Engaly
10%
Alpes (Climb) 1 1 Serre Eyraud
10%
Alpes (Col) 5 1 Grand Cucheron
9%
Pyrénées (Ski Station) 3 1 Guzet-Neige
9%
Alpes (Ski Station) 1 1 Les Menuires
9%
Alpes (Climb) 5 1 Mont Revard
9%
Pyrenees (Col) 6 1/2 Portel
9%
Pyrenees (Climb) 1 1 Prat d'Albis
9%
Pyrénées (Col) 43 2 Ares
8%
Alpes (Col) 15 1 Cucheron
8%
Pyrenees (Col) 2 1 Mont Louis
8%
Pyrénées Espagne (Col) 3 1 Port de la Bonaigua
8%
Pyrenees (Col) 1 1 Pourtalet
8%
Alpes (Col) 2 1 Coq
7%
Massif Central (Col) 4 2 Néronne
7%
Alpes (Col) 4 1 Noyer
7%
Pyrénées Espagne (Col) 3 1 Port del Canto
7%
Pyrenees (Col) 1 1 Somport
7%
Pyrénées (Col) 3 1 Bagargui
6%
Alpes (Col) 27 2 Braus
6%
Alpes (Col) 1 1 Chaussy
6%
Vosges (Col) 2 1 Chevrères
6%
Pyrénées (Col) 3 1 Jau
6%
Massif Central (Col) 1 1 Lusette
6%
Alpes (Climb) 1 1 Mont Saxonnex
6%
Alpes Suisse (Col) 7 1 Pas de Morgins
6%
Massif Central (Col) 2 1 Ceyssat
5%
Alpes (Col) 3 1 Epine
5%
Alpes (Col) 1 1 Joux-Verte
5%
Alpes (Climb) 21 1 Laffrey
5%
Alpes (Col) 7 1 Luitel
5%
Alpes (Col) 8 1 Manse
5%
Massif Central (Col) 13 2 République
5%
Jura (Climb) 1 1 Selle de Fromentel
5%
Alpes (Climb) 7 2 Villard De Lans
5%
Pyrénées (Col) 3 1 Burdincurutcheta
4%
Pyrénées (Col) 2 1 Hourcère
4%
Pyrenees (Col) 7 1 Latrape
4%
Alpes (Climb) 4 1 Mont Salève
4%
Alpes (Col) 1 1 Palaquit
4%
Alpes (Ski Station) 1 1 Prapoutel Les Sept-Laux
4%
Alpes (Col) 1 3 Saint Martin
4%
Jura (Col) 4 1 Berthiand
3%
Alpes (Col) 1 HC La Ruchère en Chartreuse
3%
Pyrenees Espagne (Col) 1 1 Pla de Beret
3%
Alpes (Col) 2 2 Tende
3%
Alpes (Col) 1 1 Champlaurent
2%
Alpes (Climb) 1 1 Hauteville
2%
Alpes (Ski Station) 1 1 Le Pleynet les Sept-Laux
2%
Alpes (Climb) 1 1 Mont Faron
2%
Pyrénées Andorre (Climb) 1 1 Andorre-Pal
1%
Alpes (Col) 1 1 Echarasson
1%
Alpes (Col) 1 1 Liguière
1%
Alpes (Climb) 2 1 Montaud
1%
Alpes (Climb) 5 1 Saint Nizier du Moucherotte
1%
Vosges (Col) 1 1 Struthof
1%
Pyrenees Espagne (Col) 3 1 Tosas
1%
Alpes (Climb) 1 1 Chaillolet
0%
Alpes (Col) 3 1 Chalimont
0%
Pyrenees Espagne (Col) 1 1 Serra-Seca
0%
Alpes (Col) 1 1 Tourniol
0%
Aucun quiz correspondant
Distribution des résultats
% des personnes avec chaque résultat
Percentile par nombre de réponses
Votre historique - résultats
Vous n’avez pas pris ce quiz